[Event "Quebec-ch U16"]
[Site "Montreal CAN"]
[Date "2014.01.19"]
[Round "4"]
[White "Yu, Zong Yang"]
[Black "Harris, Gabriel"]
[Result "1-0"]
[WhiteElo "2204"]
[BlackElo "1128"]
[PlyCount "83"]
[EventDate "2014.01.17"]
[EventType "tourn"]
[EventRounds "4"]
[EventCountry "CAN"]

1. d4 Nf6 2. c4 g6 3. Nc3 Bg7 4. Nf3 O-O 5. Bf4 d6 6. h3 Nbd7 7. e3 c5 8. Be2
a6 9. O-O cxd4 10. exd4 Re8 11. Re1 b6 12. Rc1 Bb7 13. d5 Nc5 14. Bf1 a5 15. b3
Qd7 16. a3 Ba6 17. b4 axb4 18. axb4 Nce4 19. Nxe4 Nxe4 20. Rxe4 Qf5 21. Bd3 e5
22. dxe6 fxe6 23. Bxd6 Rad8 24. c5 Bxd3 25. Qxd3 bxc5 26. bxc5 Bb2 27. Rd1 Ba3
28. g4 Qxc5 29. Bxc5 Rxd3 30. Rxd3 Bxc5 31. Ng5 e5 32. Rd7 h6 33. Nf7 Rf8 34.
Nxh6+ Kh8 35. Rf7 Re8 36. g5 Bd4 37. Rh4 e4 38. Ng4+ Kg8 39. Rhh7 Bg7 40.
Rhxg7+ Kh8 41. Rh7+ Kg8 42. Nf6# 1-0

[Event "Quebec-ch U16"]
[Site "Montreal CAN"]
[Date "2014.01.19"]
[Round "5"]
[White "Luo, Wei Han"]
[Black "Shi, Ling Yun"]
[Result "1/2-1/2"]
[WhiteElo "1241"]
[BlackElo "1813"]
[PlyCount "187"]
[EventDate "2014.01.17"]
[EventType "tourn"]
[EventRounds "4"]
[EventCountry "CAN"]

1. d4 d5 2. c4 e6 3. Nc3 Nf6 4. Bg5 Be7 5. e3 O-O 6. cxd5 exd5 7. Bd3 h6 8.
Bxf6 Bxf6 9. Nf3 b6 10. O-O Na6 11. a3 c5 12. Qa4 c4 13. Bb1 Nc7 14. e4 b5 15.
Qc2 dxe4 16. Nxe4 g6 17. Rd1 Nd5 18. Qd2 Bg7 19. Ne5 Bf5 20. Nc3 Bxb1 21. Raxb1
a6 22. Re1 Re8 23. Nc6 Qd7 24. Nxd5 Qxd5 25. Ne7+ Rxe7 26. Rxe7 Bxd4 27. Qxh6
Bxf2+ 28. Kxf2 Qf5+ 29. Kg3 Qxb1 30. Qd2 Qf5 31. Re2 Rc8 32. h3 Qc5 33. Qc3
Qd6+ 34. Kf2 Rd8 35. Qa5 Qf4+ 36. Kg1 Rd1+ 37. Re1 Qe3+ 38. Kf1 Qd3+ 39. Kf2
Rd2+ 40. Kg1 Qd4+ 41. Kh1 Rd1 42. Rxd1 Qxd1+ 43. Kh2 Qd6+ 44. Kh1 Kf8 45. Qc3
Ke7 46. Qe3+ Qe6 47. Qd4 Qe1+ 48. Kh2 Qe6 49. Kh1 Qd6 50. Qe4+ Kf6 51. Qf3+ Kg7
52. Qe2 f5 53. Qe3 Kf6 54. Qh6 Ke5 55. Qe3+ Kd5 56. Qd2+ Kc6 57. Qa5 Kb7 58.
Qc3 Qd1+ 59. Kh2 Qd6+ 60. Kh1 f4 61. Qf3+ Kc7 62. Qa8 Kb6 63. Qe4 a5 64. a4
bxa4 65. Qxc4 Qd1+ 66. Kh2 Qb3 67. Qd4+ Ka6 68. Qf6+ Qb6 69. Qc3 Qd6 70. Qf3
Kb5 71. Qf1+ Kb4 72. Qe1+ Kb3 73. Qc3+ Ka2 74. Kh1 Qb4 75. Qc2 Qxb2 76. Qxa4+
Qa3 77. Qxf4 Kb2 78. Qf6+ Qc3 79. Qb6+ Kc1 80. Qg1+ Kc2 81. Qf2+ Kd1 82. Qa2
Qe1+ 83. Kh2 Qe5+ 84. Kh1 g5 85. Qb1+ Kd2 86. Qa2+ Kd3 87. Qb3+ Ke4 88. Qf3+
Kd4 89. Qd1+ Kc5 90. Qc2+ Kb6 91. Qa4 Qe1+ 92. Kh2 Qb4 93. Qc2 Qd6+ 94. Kh1
1/2-1/2

[Event "Quebec-ch U16"]
[Site "Montreal CAN"]
[Date "2014.01.19"]
[Round "5"]
[White "Zhu, Hong Rui"]
[Black "Yu, Zong Yang"]
[Result "1/2-1/2"]
[WhiteElo "2135"]
[BlackElo "2204"]
[PlyCount "92"]
[EventDate "2014.01.17"]
[EventType "tourn"]
[EventRounds "4"]
[EventCountry "CAN"]

1. e4 c5 2. Nf3 Nc6 3. d4 cxd4 4. Nxd4 g6 5. c4 Bg7 6. Be3 Nf6 7. Nxc6 bxc6 8.
Nc3 d6 9. Be2 O-O 10. O-O Nd7 11. Rc1 a5 12. b3 Nc5 13. Bf3 Qc7 14. Qe2 Ne6 15.
Rfd1 Rb8 16. h3 f5 17. Na4 f4 18. Bd2 Nd4 19. Qd3 c5 20. Nc3 e6 21. Nb5 Qb6 22.
Bc3 e5 23. Bxd4 exd4 24. a4 h5 25. Kf1 Be6 26. Re1 Be5 27. Ke2 Kf7 28. Kd2 Rh8
29. Kc2 Rbg8 30. Qe2 Qd8 31. Kb1 Rh7 32. Rh1 Ke8 33. Ka2 Rgh8 34. h4 Kd7 35.
Qd2 Kc6 36. Rh2 Kb6 37. Rch1 Bg4 38. Qd1 Qc8 39. Qc1 Qa8 40. Qd1 Be6 41. Qe2 g5
42. hxg5 h4 43. Bg4 f3 44. Qxf3 Bxh2 45. Rxh2 Rf7 46. Bf5 Bxf5 1/2-1/2

[Event "Quebec-ch U18"]
[Site "Montreal CAN"]
[Date "2014.01.17"]
[Round "1"]
[White "Johnson, Nicholas"]
[Black "Ma, Indy"]
[Result "1-0"]
[WhiteElo "1811"]
[BlackElo "1694"]
[PlyCount "93"]
[EventDate "2014.01.17"]
[EventType "tourn"]
[EventRounds "4"]
[EventCountry "CAN"]

1. c4 Nf6 2. g3 e6 3. Bg2 d5 4. Nf3 Be7 5. O-O O-O 6. b3 Nbd7 7. Bb2 Rb8 8. Nc3
b6 9. d4 Bb7 10. cxd5 Nxd5 11. Nxd5 Bxd5 12. Qc2 Nf6 13. Ne5 Bxg2 14. Kxg2 Qd5+
15. f3 c5 16. e4 Qb7 17. Rfd1 Rfd8 18. Ba3 cxd4 19. Bxe7 Qxe7 20. Nc6 Qc7 21.
Rac1 Rbc8 22. Qb2 Re8 23. Rxd4 Qb7 24. Rdc4 Kh8 25. Qd4 Rc7 26. Ne5 Rxc4 27.
Rxc4 h6 28. Qc3 Re7 29. h4 Kh7 30. Qc2 g6 31. g4 Ne8 32. a4 f6 33. Nc6 Rd7 34.
h5 g5 35. e5+ Kh8 36. Qg6 Rd2+ 37. Kg3 Qg7 38. Qxe8+ Kh7 39. Ne7 f5 40. Qg6+
Qxg6 41. hxg6+ Kg7 42. gxf5 exf5 43. Nxf5+ Kxg6 44. Ne3 h5 45. e6 Kf6 46. Re4
Ke7 47. Nf5+ 1-0

[Event "Quebec-ch U18"]
[Site "Montreal CAN"]
[Date "2014.01.18"]
[Round "2"]
[White "Johnson, Nicholas"]
[Black "Dascine-Henry, James"]
[Result "1-0"]
[WhiteElo "1811"]
[BlackElo "1360"]
[PlyCount "55"]
[EventDate "2014.01.17"]
[EventType "tourn"]
[EventRounds "4"]
[EventCountry "CAN"]

1. c4 d5 2. g3 d4 3. Bg2 e5 4. d3 c6 5. Nf3 Qc7 6. O-O Bg4 7. e3 c5 8. exd4
cxd4 9. h3 Bh5 10. g4 Bg6 11. Nxe5 Nd7 12. Nxd7 Qxd7 13. Re1+ Be7 14. Na3 a6
15. c5 Nf6 16. Nc4 Rd8 17. Nd6+ Kf8 18. Nxb7 Rc8 19. c6 Qc7 20. Qf3 h5 21. Bf4
hxg4 22. hxg4 Qb6 23. Rxe7 Kxe7 24. Bd6+ Ke6 25. Re1+ Ne4 26. Rxe4+ Bxe4 27.
Qxe4+ Kf6 28. Qf5# 1-0

[Event "Quebec-ch U18"]
[Site "Montreal CAN"]
[Date "2014.01.18"]
[Round "3"]
[White "Ma, Indy"]
[Black "Dascine-Henry, James"]
[Result "1/2-1/2"]
[WhiteElo "1694"]
[BlackElo "1360"]
[PlyCount "58"]
[EventDate "2014.01.17"]
[EventType "tourn"]
[EventRounds "4"]
[EventCountry "CAN"]

1. d4 d5 2. c4 Bg4 3. Qc2 e6 4. e3 Bb4+ 5. Bd2 a5 6. Qa4+ Qd7 7. Qxd7+ Nxd7 8.
a3 Bxd2+ 9. Nxd2 Ngf6 10. Bd3 O-O 11. Ngf3 c6 12. O-O Rfe8 13. h3 Bxf3 14. Nxf3
Rac8 15. Rac1 b6 16. cxd5 exd5 17. Rc2 c5 18. dxc5 bxc5 19. Bb5 Re7 20. Rfc1
Kf8 21. Nd2 Rb8 22. a4 Rc8 23. Nb3 c4 24. Nxa5 Nc5 25. Nb3 Nd3 26. Rd1 Nb4 27.
Rcc1 Na2 28. Rc2 Nb4 29. Rcc1 Na2 1/2-1/2

[Event "Quebec-ch U18"]
[Site "Montreal CAN"]
[Date "2014.01.18"]
[Round "4"]
[White "Ma, Indy"]
[Black "Johnson, Nicholas"]
[Result "0-1"]
[WhiteElo "1694"]
[BlackElo "1811"]
[PlyCount "56"]
[EventDate "2014.01.17"]
[EventType "tourn"]
[EventRounds "4"]
[EventCountry "CAN"]

1. d4 e6 2. c4 f5 3. Nc3 Nf6 4. g3 d5 5. cxd5 exd5 6. Bg2 c6 7. Nf3 Bd6 8. Bg5
O-O 9. Qc1 Qc7 10. O-O Nbd7 11. Bf4 Ne4 12. Ng5 Bxf4 13. gxf4 Nxg5 14. fxg5 Qd6
15. Qe3 f4 16. Qd3 Rf7 17. Kh1 Nf8 18. e4 Qg6 19. Rg1 Qxg5 20. exd5 Qh4 21.
Raf1 Rf6 22. dxc6 bxc6 23. Ne4 Rh6 24. h3 Bg4 25. Qb3+ Kh8 26. Kh2 f3 27. Ng5
Qxg5 28. Bxf3 Rxh3+ 0-1

[Event "Quebec-ch U18"]
[Site "Montreal CAN"]
[Date "2014.01.19"]
[Round "5"]
[White "Dascine-Henry, James"]
[Black "Ma, Indy"]
[Result "0-1"]
[WhiteElo "1360"]
[BlackElo "1694"]
[PlyCount "82"]
[EventDate "2014.01.17"]
[EventType "tourn"]
[EventRounds "4"]
[EventCountry "CAN"]

1. d4 Nf6 2. Bg5 e6 3. e4 h6 4. Bh4 Be7 5. Bd3 d5 6. e5 Ne4 7. Bxe7 Qxe7 8.
Bxe4 dxe4 9. c3 Qg5 10. g3 Bd7 11. h4 Qf5 12. g4 Qg6 13. Rh3 f5 14. Rg3 f4 15.
h5 Qf7 16. Rh3 Rf8 17. Nd2 e3 18. fxe3 fxe3 19. Ndf3 Qf4 20. Qe2 a6 21. O-O-O
Bc6 22. Re1 Qxg4 23. Qxe3 Nd7 24. Nh2 Qg2 25. Re2 Qd5 26. Kb1 O-O-O 27. b3 Nb6
28. Qg3 Rf7 29. Rh4 Qb5 30. Rb2 Rdf8 31. c4 Nxc4 32. bxc4 Rf1+ 33. Nxf1 Rxf1+
34. Kc2 Qxc4+ 35. Kd2 Qc1+ 36. Ke2 Rxg1 37. Qb3 Qe1+ 38. Kd3 Rg3+ 39. Kc2 Qe2+
40. Kc1 Rg1+ 41. Qd1 Rxd1# 0-1

[Event "Quebec-ch U18"]
[Site "Montreal CAN"]
[Date "2014.01.19"]
[Round "6"]
[White "Dascine-Henry, James"]
[Black "Johnson, Nicholas"]
[Result "0-1"]
[WhiteElo "1360"]
[BlackElo "1811"]
[PlyCount "64"]
[EventDate "2014.01.17"]
[EventType "tourn"]
[EventRounds "4"]
[EventCountry "CAN"]

1. d4 e6 2. e4 d5 3. e5 c5 4. Bb5+ Nc6 5. Bxc6+ bxc6 6. Nf3 Ba6 7. a3 h5 8. Nc3
Nh6 9. Bxh6 Rxh6 10. Ne2 Rb8 11. b3 h4 12. h3 f5 13. O-O c4 14. b4 Rb7 15. c3
g5 16. Kh1 Rg7 17. Qd2 Rh8 18. a4 Rgg8 19. b5 Bb7 20. bxc6 Bxc6 21. Rfb1 g4 22.
Nfg1 Rh7 23. Ra2 Bh6 24. Qc2 Rgg7 25. a5 Qg5 26. Kh2 gxh3 27. g3 hxg3+ 28. fxg3
f4 29. Nf3 fxg3+ 30. Kg1 Qe3+ 31. Kh1 Qxf3+ 32. Kg1 h2# 0-1

[Event "Quebec-ch U20"]
[Site "Montreal CAN"]
[Date "2014.02.07"]
[Round "1"]
[White "Huang, Qiuyu"]
[Black "Sprumont, Oscar"]
[Result "1-0"]
[WhiteElo "1562"]
[BlackElo "2008"]
[PlyCount "121"]
[EventDate "2014.02.07"]
[EventType "swiss"]
[EventRounds "5"]
[EventCountry "CAN"]

1. e4 e6 2. d4 d5 3. exd5 exd5 4. Nf3 Bd6 5. Bd3 Nc6 6. h3 Nge7 7. c3 Bf5 8.
Bxf5 Nxf5 9. O-O Nfe7 10. Qd3 Qd7 11. Re1 O-O-O 12. b4 Ng6 13. a4 Nf4 14. Bxf4
Bxf4 15. a5 Ne7 16. Rxe7 Qxe7 17. Qf5+ Kb8 18. Qxf4 f6 19. Qd2 g5 20. b5 Qd7
21. Na3 g4 22. hxg4 Qxg4 23. Nh2 Qg6 24. b6 a6 25. bxc7+ Kxc7 26. Qf4+ Kc8 27.
c4 Qg5 28. Qxg5 fxg5 29. c5 Rde8 30. Kf1 Kd7 31. Nf3 h6 32. Ne5+ Ke6 33. Rb1
Rh7 34. Nc2 Kf5 35. Re1 Rd8 36. Rb1 g4 37. Rb6 h5 38. Rd6 Rxd6 39. cxd6 Rh8 40.
d7 Rd8 41. g3 Ke6 42. Na1 Rxd7 43. Nxd7 Kxd7 44. Ke2 Kc6 45. Nb3 Kb5 46. Ke3
Kb4 47. Nc5 Kxa5 48. Nxb7+ Kb4 49. Kf4 Kc3 50. Ke5 Kd3 51. Kxd5 Ke2 52. Ke4 h4
53. gxh4 Kxf2 54. Nc5 g3 55. Nd3+ Kf1 56. Nf4 a5 57. d5 a4 58. d6 a3 59. d7 a2
60. d8=Q a1=Q 61. Qd3+ 1-0

[Event "Quebec-ch U20"]
[Site "Montreal CAN"]
[Date "2014.02.07"]
[Round "1"]
[White "Nikulich, Oleksandr"]
[Black "Johnson-Constantin, Matthieu"]
[Result "1-0"]
[WhiteElo "2056"]
[BlackElo "1639"]
[PlyCount "51"]
[EventDate "2014.02.07"]
[EventType "swiss"]
[EventRounds "5"]
[EventCountry "CAN"]

1. e4 e6 2. Nf3 d5 3. Nc3 Nf6 4. e5 Nfd7 5. d4 c5 6. Be3 Nc6 7. Bb5 Rb8 8. O-O
Qc7 9. dxc5 a6 10. Bxc6 bxc6 11. Na4 Nxe5 12. Bf4 Nxf3+ 13. Qxf3 Qa5 14. Bxb8
Qxa4 15. b3 Qa5 16. Bd6 Bxd6 17. cxd6 O-O 18. c4 Qb4 19. cxd5 cxd5 20. Qg3 f6
21. Rac1 Bd7 22. Rc7 Rf7 23. Rfc1 e5 24. R7c5 d4 25. Qd3 Qb6 26. Rc8+ 1-0

[Event "Quebec-ch U20"]
[Site "Montreal CAN"]
[Date "2014.02.07"]
[Round "1"]
[White "Wang, Kelly"]
[Black "Zhu, Hong Rui"]
[Result "0-1"]
[WhiteElo "1685"]
[BlackElo "2068"]
[PlyCount "52"]
[EventDate "2014.02.07"]
[EventType "swiss"]
[EventRounds "5"]
[EventCountry "CAN"]

1. e4 c5 2. Nf3 d6 3. d4 cxd4 4. Nxd4 Nf6 5. Nc3 g6 6. f3 Bg7 7. Be3 Nc6 8. Qd2
O-O 9. Bc4 Bd7 10. h4 Rc8 11. Bb3 Ne5 12. h5 Nc4 13. Bxc4 Rxc4 14. hxg6 fxg6
15. O-O-O Qa5 16. Nb3 Qc7 17. Nd5 Nxd5 18. exd5 Bf5 19. Na1 Rc8 20. c3 Rxc3+
21. bxc3 Bxc3 22. Nc2 Bxd2+ 23. Kxd2 Qxc2+ 24. Ke1 Rc3 25. Bd2 Rc5 26. g4 Bd3
0-1

[Event "Quebec-ch U20"]
[Site "Montreal CAN"]
[Date "2014.02.07"]
[Round "1"]
[White "Yu, Zong Yang"]
[Black "Fan, Run Kun"]
[Result "1/2-1/2"]
[WhiteElo "2220"]
[BlackElo "1701"]
[PlyCount "96"]
[EventDate "2014.02.07"]
[EventType "swiss"]
[EventRounds "5"]
[EventCountry "CAN"]

1. d4 d5 2. c4 c6 3. Nf3 e6 4. Bg5 Be7 5. Bxe7 Qxe7 6. Qc2 Nf6 7. Nbd2 O-O 8.
e3 Nbd7 9. Bd3 dxc4 10. Nxc4 c5 11. O-O b5 12. Nce5 c4 13. Be4 Nxe4 14. Qxe4
Nxe5 15. Qxe5 a6 16. a4 f6 17. Qc5 Qxc5 18. dxc5 Bb7 19. axb5 Bxf3 20. gxf3
axb5 21. b4 cxb3 22. Rab1 Rfc8 23. Rfc1 Ra3 24. Kf1 Kf7 25. c6 Ra6 26. Rxb3
Raxc6 27. Rxc6 Rxc6 28. Rxb5 e5 29. Rb7+ Kg6 30. Re7 Rc1+ 31. Kg2 Rb1 32. h4 h5
33. Ra7 Rb4 34. Kg3 Rc4 35. Re7 Rb4 36. e4 Rb3 37. Rd7 Rc3 38. Rd1 Rb3 39. Re1
Kf7 40. Kg2 Rc3 41. Rh1 Rb3 42. Rh3 Rc3 43. Rg3 Rc4 44. Kf1 Ra4 45. Kg2 Rb4 46.
Kf1 Ra4 47. Kg2 Rb4 48. Kf1 Ra4 1/2-1/2

[Event "Quebec-ch U20"]
[Site "Montreal CAN"]
[Date "2014.02.07"]
[Round "1"]
[White "Zhong, Wenxuan"]
[Black "Johnson, Nicholas"]
[Result "0-1"]
[WhiteElo "1412"]
[BlackElo "1838"]
[PlyCount "64"]
[EventDate "2014.02.07"]
[EventType "swiss"]
[EventRounds "5"]
[EventCountry "CAN"]

1. e4 e6 2. d4 d5 3. e5 c5 4. c3 Nc6 5. Nf3 Bd7 6. Bd3 Qb6 7. Bc2 Rc8 8. a3
cxd4 9. cxd4 g5 10. h3 Nxd4 11. Nxd4 Bc5 12. Be3 Qxb2 13. O-O Qxa1 14. Nb3 Qxe5
15. Nxc5 b6 16. Nxd7 Qc7 17. Ba4 Ke7 18. Bxg5+ f6 19. Qh5 Rd8 20. Nxf6 Nxf6 21.
Rc1 Qxc1+ 22. Bxc1 Nxh5 23. Bg5+ Nf6 24. Nc3 Rhg8 25. Bh4 a6 26. Nd1 Rc8 27.
Ne3 Kf7 28. Bxf6 Kxf6 29. Ng4+ Ke7 30. Ne5 b5 31. Bb3 Rc3 32. Ba2 Rxa3 0-1

[Event "Quebec-ch U20"]
[Site "Montreal CAN"]
[Date "2014.02.08"]
[Round "2"]
[White "Guan, Zi Yu"]
[Black "Wang, Kelly"]
[Result "0-1"]
[WhiteElo "1507"]
[BlackElo "1685"]
[PlyCount "98"]
[EventDate "2014.02.07"]
[EventType "swiss"]
[EventRounds "5"]
[EventCountry "CAN"]

1. e4 c5 2. Nf3 Nc6 3. d4 cxd4 4. Nxd4 g6 5. Be2 Bg7 6. Be3 Nf6 7. Nc3 O-O 8.
O-O d5 9. f3 dxe4 10. fxe4 Qb6 11. Qd2 Nxe4 12. Nxe4 Bxd4 13. Bxd4 Nxd4 14. Kh1
Bf5 15. Rf4 Nxe2 16. Qxe2 Qxb2 17. Raf1 Rac8 18. Rh4 Rxc2 19. Qf3 Rc1 20. Ng5
Qa1 21. Kg1 Rxf1+ 22. Qxf1 Qxf1+ 23. Kxf1 h5 24. h3 f6 25. Nf3 g5 26. Rd4 e5
27. Rd6 g4 28. Nh4 Be4 29. hxg4 hxg4 30. Kf2 Kf7 31. Ke3 Bc2 32. Rd7+ Ke6 33.
Rxb7 Rh8 34. g3 f5 35. Rxa7 Rc8 36. Ra6+ Kd5 37. Ng6 Rc5 38. a3 Be4 39. Ne7+
Kc4 40. Ra4+ Kb3 41. Ra7 Rc3+ 42. Kf2 Rc2+ 43. Ke3 Rg2 44. Ra5 Rxg3+ 45. Kd2
Rd3+ 46. Ke2 g3 47. Ra6 g2 48. Rg6 f4 49. Rg5 Rg3 0-1

[Event "Quebec-ch U20"]
[Site "Montreal CAN"]
[Date "2014.02.08"]
[Round "2"]
[White "Johnson-Constantin, Matthieu"]
[Black "Ouellet, Maili-Jade"]
[Result "0-1"]
[WhiteElo "1639"]
[BlackElo "1682"]
[PlyCount "64"]
[EventDate "2014.02.07"]
[EventType "swiss"]
[EventRounds "5"]
[EventCountry "CAN"]

1. e4 c5 2. Nf3 e6 3. d4 cxd4 4. Nxd4 Nf6 5. Nc3 Bb4 6. e5 Nd5 7. Bd2 Bxc3 8.
bxc3 Qc7 9. f4 Nxc3 10. Qg4 O-O 11. Bd3 f5 12. exf6 Rxf6 13. Qh5 g6 14. Qe5 Nd5
15. c4 d6 16. Qg5 Qb6 17. Nc2 Qa6 18. cxd5 Qxd3 19. Qxf6 Qxc2 20. Bc3 Qe4+ 21.
Kf2 Qc2+ 22. Ke3 e5 23. Qd8+ Kf7 24. Qxc8 exf4+ 25. Kxf4 Qf2+ 26. Ke4 Qxg2+ 27.
Kd4 Nc6+ 28. dxc6 Rxc8 29. Rhf1+ Kg8 30. cxb7 Qxb7 31. Rab1 Qg7+ 32. Kd5 Qxc3
0-1

[Event "Quebec-ch U20"]
[Site "Montreal CAN"]
[Date "2014.02.08"]
[Round "2"]
[White "Saha, Ananda"]
[Black "Zhong, Wenxuan"]
[Result "1-0"]
[WhiteElo "1702"]
[BlackElo "1412"]
[PlyCount "81"]
[EventDate "2014.02.07"]
[EventType "swiss"]
[EventRounds "5"]
[EventCountry "CAN"]

1. d4 d5 2. c4 e6 3. Nc3 Nf6 4. cxd5 exd5 5. Bg5 Be7 6. e3 Nc6 7. Bd3 Nb4 8.
Nge2 Nxd3+ 9. Qxd3 c6 10. O-O O-O 11. f4 h6 12. Bxf6 Bxf6 13. f5 Re8 14. Rf3
Bg5 15. Ng3 Qb6 16. Raf1 f6 17. Nh5 Qxb2 18. g3 Bxf5 19. Qxf5 Qxc3 20. Qg6 Re7
21. h4 Bxe3+ 22. Kh1 Kh8 23. Rxf6 gxf6 24. Qxf6+ Kg8 25. Qxe7 Bxd4 26. Qe6+ Kh7
27. Rf7+ Bg7 28. Rxg7+ Qxg7 29. Nxg7 Kxg7 30. Kg2 Rf8 31. Qg4+ Kh7 32. h5 Rg8
33. Qf5+ Kh8 34. Qe5+ Kh7 35. Kf3 b6 36. Qf5+ Kh8 37. Qf6+ Kh7 38. Qxc6 Rg5 39.
g4 d4 40. Qe4+ Kg8 41. Qxd4 1-0

[Event "Quebec-ch U20"]
[Site "Montreal CAN"]
[Date "2014.02.08"]
[Round "2"]
[White "Sprumont, Oscar"]
[Black "Yu, Zong Yang"]
[Result "0-1"]
[WhiteElo "2008"]
[BlackElo "2220"]
[PlyCount "63"]
[EventDate "2014.02.07"]
[EventType "swiss"]
[EventRounds "5"]
[EventCountry "CAN"]

1. Nf3 Nf6 2. c4 c6 3. g3 d5 4. b3 Bf5 5. Bg2 e6 6. O-O Bd6 7. d4 O-O 8. Bf4 a5
9. Bxd6 Qxd6 10. Nh4 Be4 11. Bxe4 dxe4 12. Nc3 Rd8 13. e3 e5 14. Qc2 exd4 15.
Nf5 Qe5 16. Nxd4 Na6 17. Qe2 Rd7 18. Rfd1 Rad8 19. Na4 Nc5 20. Nxc5 Qxc5 21.
Nc2 Rd3 22. Ne1 R3d6 23. Ng2 Qe5 24. Rac1 b6 25. Nf4 g6 26. Qc2 c5 27. Ne2 Qf5
28. Rxd6 Rxd6 29. Rd1 Ng4 30. Nc3 Rxd1+ 31. Nxd1 Ne5 32. Kf1 0-1

[Event "Quebec-ch U20"]
[Site "Montreal CAN"]
[Date "2014.02.08"]
[Round "2"]
[White "Tinica, Gabriel"]
[Black "Nikulich, Oleksandr"]
[Result "0-1"]
[WhiteElo "1402"]
[BlackElo "2056"]
[PlyCount "34"]
[EventDate "2014.02.07"]
[EventType "swiss"]
[EventRounds "5"]
[EventCountry "CAN"]

1. d4 f5 2. Nc3 Nf6 3. Bg5 g6 4. Bxf6 exf6 5. e3 d5 6. Qd2 c6 7. O-O-O Bb4 8.
Nge2 Nd7 9. h4 b5 10. h5 g5 11. Ng3 Nb6 12. h6 Na4 13. Nh5 Bxc3 14. Ng7+ Kf8
15. bxc3 Qe7 16. Qd3 Qa3+ 17. Kd2 Nb2 0-1

[Event "Quebec-ch U20"]
[Site "Montreal CAN"]
[Date "2014.02.08"]
[Round "2"]
[White "Zhu, Hong Rui"]
[Black "Huang, Qiuyu"]
[Result "1-0"]
[WhiteElo "2068"]
[BlackElo "1562"]
[PlyCount "91"]
[EventDate "2014.02.07"]
[EventType "swiss"]
[EventRounds "5"]
[EventCountry "CAN"]

1. e4 c5 2. Nf3 Nc6 3. d4 cxd4 4. Nxd4 g6 5. c4 Bg7 6. Nc2 Nf6 7. Nc3 d6 8. Be2
Bd7 9. O-O Rc8 10. Rb1 Ne5 11. Ne3 Bc6 12. f4 Ned7 13. Bf3 O-O 14. b4 b6 15.
Bb2 Re8 16. Qd3 a5 17. a3 Rf8 18. Rfd1 Re8 19. Ba1 Rf8 20. Ncd5 Bxd5 21. Nxd5
Nxd5 22. Qxd5 Nf6 23. Qd3 Qc7 24. Rdc1 Rfd8 25. Qe3 Ne8 26. Bg4 Ra8 27. c5 bxc5
28. Bxg7 Nxg7 29. bxc5 dxc5 30. Rxc5 Qa7 31. Qf2 Rd2 32. Rc8+ Rd8 33. Rxd8+
Rxd8 34. Qxa7 h5 35. Rb8 Rxb8 36. Qxb8+ Kh7 37. Bd7 e6 38. h4 a4 39. Bxa4 f5
40. e5 g5 41. g3 gxh4 42. gxh4 Kg6 43. Qg8 Kh6 44. Kh1 Kg6 45. Be8+ Kh6 46.
Qh8# 1-0

[Event "Quebec-ch U20"]
[Site "Montreal CAN"]
[Date "2014.02.08"]
[Round "3"]
[White "Huang, Qiuyu"]
[Black "Saha, Ananda"]
[Result "0-1"]
[WhiteElo "1562"]
[BlackElo "1728"]
[PlyCount "84"]
[EventDate "2014.02.07"]
[EventType "swiss"]
[EventRounds "5"]
[EventCountry "CAN"]

1. e4 c5 2. Nf3 e6 3. d4 cxd4 4. Nxd4 Nf6 5. Nc3 d6 6. Be3 Be7 7. Bc4 O-O 8. f3
Nc6 9. g4 d5 10. exd5 Nxd5 11. Nxd5 Bh4+ 12. Kf1 exd5 13. Nxc6 bxc6 14. Bd3 f5
15. Kg2 fxg4 16. fxg4 d4 17. Bc4+ Kh8 18. Bg1 c5 19. Bxd4 Bb7+ 20. Kg1 Qxd4+
21. Qxd4 cxd4 22. Rf1 Rxf1+ 23. Kxf1 Bxh1 24. Ke2 Be4 25. Bd3 Bxd3+ 26. Kxd3
Bf2 27. g5 Kg8 28. Ke2 Be3 29. h4 g6 30. Kd3 Rb8 31. b3 Rc8 32. h5 Rc3+ 33. Ke2
Rxc2+ 34. Kd3 Rd2+ 35. Ke4 gxh5 36. a4 h4 37. Kf5 h3 38. g6 hxg6+ 39. Kxg6 Rf2
40. Kh5 Rg2 41. a5 h2 42. a6 h1=R# 0-1

[Event "Quebec-ch U20"]
[Site "Montreal CAN"]
[Date "2014.02.08"]
[Round "3"]
[White "Leung, Chin"]
[Black "Fan, Run Kun"]
[Result "1-0"]
[WhiteElo "1874"]
[BlackElo "1701"]
[PlyCount "81"]
[EventDate "2014.02.07"]
[EventType "swiss"]
[EventRounds "5"]
[EventCountry "CAN"]

1. e4 Nf6 2. e5 Nd5 3. c4 Nb6 4. d4 d6 5. f4 dxe5 6. fxe5 Nc6 7. Be3 Bf5 8. Nc3
e6 9. Nf3 Bb4 10. Bd3 Bxc3+ 11. bxc3 Bxd3 12. Qxd3 Na5 13. c5 Nbc4 14. O-O h6
15. Rab1 Qd5 16. Nh4 g5 17. Nf3 O-O-O 18. Qe2 Rh7 19. Nd2 Nxd2 20. Bxd2 Nc4 21.
Bc1 a5 22. Rf6 Rg8 23. Qh5 Qe4 24. Rb3 a4 25. Rb4 Qe1+ 26. Rf1 Qxc3 27. Rxa4
Kb8 28. Qe2 b5 29. Qe4 bxa4 30. Qxh7 Qxd4+ 31. Kh1 Rc8 32. Qb1+ Ka7 33. Qb4 Qd5
34. Be3 Qd3 35. Rb1 Qxb1+ 36. Qxb1 Nxe3 37. Qe4 Rd8 38. Qxa4+ Kb7 39. h4 Nf5
40. Qb5+ Ka8 41. c6 1-0

[Event "Quebec-ch U20"]
[Site "Montreal CAN"]
[Date "2014.02.08"]
[Round "3"]
[White "Wang, Kelly"]
[Black "Tinica, Gabriel"]
[Result "1-0"]
[WhiteElo "1685"]
[BlackElo "1402"]
[PlyCount "91"]
[EventDate "2014.02.07"]
[EventType "swiss"]
[EventRounds "5"]
[EventCountry "CAN"]

1. e4 c5 2. Nf3 d6 3. d4 cxd4 4. Nxd4 Nf6 5. Nc3 g6 6. f3 Bg7 7. Be3 Nc6 8. Qd2
O-O 9. Bc4 Bd7 10. h4 Rc8 11. Bb3 h5 12. O-O-O Ne5 13. Bh6 Bxh6 14. Qxh6 Rxc3
15. bxc3 a5 16. a4 Qb6 17. g4 Rc8 18. gxh5 Nxh5 19. f4 Nc4 20. f5 Qc5 21. Bxc4
Qa3+ 22. Kd2 Rxc4 23. Ne2 Rxe4 24. fxg6 Rxe2+ 25. Kxe2 Ng3+ 26. Kd2 Ne4+ 27.
Ke2 Nxc3+ 28. Kf1 fxg6 29. Qxg6+ Kf8 30. Qh6+ Kf7 31. Qh5+ Kf8 32. Qf3+ Ke8 33.
Rg1 Kd8 34. Qxb7 Bh3+ 35. Ke1 Qa2 36. Qb6+ Kd7 37. Qb3 Qxb3 38. cxb3 Nxd1 39.
Kxd1 Be6 40. Kc2 Bf7 41. Rg5 e5 42. h5 Ke6 43. h6 Kf6 44. h7 Bg6+ 45. Rxg6+
Kxg6 46. h8=Q 1-0

[Event "Quebec-ch U20"]
[Site "Montreal CAN"]
[Date "2014.02.08"]
[Round "3"]
[White "Yu, Zong Yang"]
[Black "Johnson, Nicholas"]
[Result "1-0"]
[WhiteElo "2220"]
[BlackElo "1838"]
[PlyCount "69"]
[EventDate "2014.02.07"]
[EventType "swiss"]
[EventRounds "5"]
[EventCountry "CAN"]

1. d4 e6 2. Nf3 f5 3. Bg5 Nf6 4. Nbd2 Be7 5. e3 O-O 6. Bd3 d5 7. c4 c6 8. Qc2
Ne4 9. Bxe7 Qxe7 10. O-O b6 11. Ne5 Bb7 12. f3 Nxd2 13. Qxd2 c5 14. Rac1 Nc6
15. cxd5 Nxe5 16. dxe5 Bxd5 17. b3 Rfd8 18. Qc2 Qc7 19. Qc3 a5 20. a4 Qb7 21.
Rf2 Kh8 22. Rd2 g5 23. Rcd1 Qc7 24. Bxf5 Bxb3 25. Qxb3 Rxd2 26. Rxd2 exf5 27.
Qe6 Qg7 28. Qxf5 Re8 29. f4 gxf4 30. exf4 Rf8 31. Qe4 Qg4 32. g3 Qe6 33. Rd6
Qb3 34. Rd7 Qg8 35. e6 1-0

[Event "Quebec-ch U20"]
[Site "Montreal CAN"]
[Date "2014.02.08"]
[Round "3"]
[White "Zhong, Wenxuan"]
[Black "Sprumont, Oscar"]
[Result "0-1"]
[WhiteElo "1412"]
[BlackElo "2008"]
[PlyCount "48"]
[EventDate "2014.02.07"]
[EventType "swiss"]
[EventRounds "5"]
[EventCountry "CAN"]

1. e4 e6 2. d4 d5 3. e5 c5 4. c3 Nc6 5. Nf3 Nh6 6. Bd3 Nf5 7. Bxf5 exf5 8. O-O
cxd4 9. cxd4 Be6 10. Re1 Be7 11. Nc3 O-O 12. h3 g5 13. Nh2 f4 14. Nf1 Qb6 15.
h4 h6 16. hxg5 hxg5 17. Ne2 Kg7 18. f3 Bb4 19. Nc3 Nxd4 20. Kh1 Rh8+ 21. Nh2
Rxh2+ 22. Kxh2 Rh8+ 23. Kg1 Ne2+ 24. Kf1 Ng3# 0-1